000 00952nac a22002657a 4500
001 BR7901549
003 BR-BrBNA
005 20240105114411.0
008 230509b bl.|||m| |||| 00| 0 por d
040 _aBR-BrBNA
_bpor
_cBiblioteca Nacional de Agricultura
072 _aF00
090 _a0336 BR7901549
110 1 _aEmpresa Brasileira de Pesquisa Agropecuaria, Brasilia, DF;
_93834
110 1 _aEmpresa Brasileira de Assistencia Tecnica e Extensao Rural, Brasilia, DF
_93797
245 1 _aSistemas de producao para soja. Parana - Regiao Norte [Glycine max, Brasil]
260 3 _aCuritiba, PR (Brasil):
_bAssociacao de Credito e Assistencia Rural do Parana,
_c1978.
300 _a88 p.
490 _aSistemas de Producao. Boletim (Brazil)
_vno. 117
_xISSN 0100-5359
500 _a16 ref.
650 _aSOJA
650 _aPRATICA CULTURAL
650 _aPARANA
909 _a202312
_bLúcia Elande
_c55
_dLúcia Elande
942 _2AGRIS
_n0
_cMS
999 _c269131
_d269131